Experimentálne otestovanie bezpečnostných modulov OS Linux

Na minha lista:
Detalhes bibliográficos
Autor principal: Barnas, Peter (Author)
Outros Autores: Ploszek, Roderik (Thesis advisor)
Formato: Manuscrito Livro
Idioma:eslovaco
Publicado em: Bratislava : STU v Bratislave FEI, 2023
Assuntos:
Acesso em linha:https://opac.crzp.sk/?fn=detailBiblioFormChildCQLMN&sid=08878EB2E7E37CD0999A7BC0752B&seo=CRZP-detail-kniha
Tags: Adicionar Tag
Sem tags, seja o primeiro a adicionar uma tag!

MARC

LEADER 00000ntm a22000003a 4500
001 stuzp92316
003 SK-STU
005 20241106134404.9
007 ta
008 150427s2015----xo-----f-mn---000-0-slo-d
040 |a STU  |b slo 
041 0 |a slo 
044 |a xo 
100 1 |a Barnas, Peter  |u 035000  |4 aut  |U FEI Fakulta elektrotechniky a informatiky  |T FEI Ústav informatiky a matematiky  |X 111171  |U E050  |Y 816  |7 111171 
242 0 1 |a Experimental Testing of Linux Security Modules  |y eng 
245 1 0 |a Experimentálne otestovanie bezpečnostných modulov OS Linux 
260 |a Bratislava :  |b STU v Bratislave FEI,  |c 2023 
300 |a 35 s., príl. 
650 4 |a AppArmor  |2 slo 
650 4 |a LSM  |2 slo 
650 4 |a SELinux  |2 slo 
650 4 |a CVE  |2 slo 
650 4 |a SELinux  |2 eng 
650 4 |a CVE  |2 eng 
650 4 |a LSM  |2 eng 
650 4 |a AppArmor  |2 eng 
700 1 |a Ploszek, Roderik  |u 035000  |k Z8  |4 ths  |U FEI Fakulta elektrotechniky a informatiky  |T FEI Ústav informatiky a matematiky  |X 72983  |U E050  |Y 816  |7 72983 
856 4 |u https://opac.crzp.sk/?fn=detailBiblioFormChildCQLMN&sid=08878EB2E7E37CD0999A7BC0752B&seo=CRZP-detail-kniha